[Event "Ontario op"]
[Site "Ottawa"]
[Date "1969.05.18"]
[Round "4"]
[White "Matynia, A."]
[Black "Brodie, Hugh"]
[Result "1-0"]
[WhiteElo "1800"]
[BlackElo "1700"]
[PlyCount "98"]
[EventDate "1969.05.17"]
[EventType "swiss"]
[EventRounds "6"]
[EventCountry "CAN"]
[SourceTitle "EXT 2022"]
[Source "ChessBase"]
[SourceDate "2021.10.06"]
[SourceVersion "1"]
[SourceVersionDate "2021.10.06"]
[SourceQuality "1"]

1. b3 b5 2. Bb2 Bb7 3. Nf3 Nf6 4. g3 c5 5. Bg2 g6 6. Nc3 a6 7. e3 Bg7 8. Ne2 0-0 9. 0-0 d6 10. a4 b4 11. d3 a5 12. e4 Nbd7 13. Nf4 Rc8 14. Nd2 Nb6 15. Bh3 Ra8 16. Nc4 Nxc4 17. bxc4 e6 18. Rb1 d5 19. Bxe6 d4 20. Bd5 Qd7 21. Bxb7 Qxb7 22. c3 Qd7 23. cxd4 cxd4 24. Ra1 g5 25. Nd5 Qh3 26. Qf3 Ng4 27. Qg2 Qxg2+ 28. Kxg2 Ra7 29. h3 Nh6 30. g4 Kh8 31. f4 gxf4 32. Rxf4 Be5 33. Raf1 Kg7 34. Kf3 Ng8 35. g5 Ne7 36. Kg4 Nc6 37. Rf5 Bb8 38. h4 h5+ 39. Kxh5 Ne5 40. Rxe5 Bxe5 41. Rf5 Re8 42. Rxe5 Rxe5 43. Bxd4 Rb7 44. Bxe5+ Kf8 45. Nc7 b3 46. Bd6+ Kg7 47. Nb5 Kg8 48. Ba3 Rb6 49. e5 Rc6 1-0